00490pab a2200169 454500008004000000100002400040245008800064260000900152300001200161362001200173650002600185650002300211650001500234700002100249700001900270773003100289180718b2014 xxu||||| |||| 00| 0 eng d aPackendorff, Johann aProject leadership in becoming: A process study of an organizational change project c2014 ap.5-20. aJun-Jul aOrganizational change aProject management aLeadership aLindgren, Monica aCrevani, Lucia aProject Management Journal